Rozvoj ovocinárstva v ofsajde

Hlavnou príčinou útlmu veľkovýroby ovocia je okrem zahraničnej konkurencie aj neatraktívnosť tohto druhu podnikania pre dlhodobú návratnosť investovaných finančných prostriedkov. Slabá konkurencieschopnosť ovocinárstva na Slovensku. Vývoj produkcie hrušiek v SR. Vývoj produkcie jabĺk. Spotreba ovoci...

Full description

Saved in:
Bibliographic Details
Main Author: Pinter, Gejza
Format: Book Chapter
Language:Slovak
Subjects:
Tags: Add Tag
No Tags, Be the first to tag this record!

MARC

LEADER 00000naa a2200000 4500
001 r040229
005 20230920071739.0
041 0 |a slo 
044 |a SK 
245 1 0 |a Rozvoj ovocinárstva v ofsajde  |c Gejza Pinter 
520 |a Hlavnou príčinou útlmu veľkovýroby ovocia je okrem zahraničnej konkurencie aj neatraktívnosť tohto druhu podnikania pre dlhodobú návratnosť investovaných finančných prostriedkov. Slabá konkurencieschopnosť ovocinárstva na Slovensku. Vývoj produkcie hrušiek v SR. Vývoj produkcie jabĺk. Spotreba ovocia na Slovensku. Výrobno-odbytové združenia ako východisko z neutešenej situácie. 
610 2 0 |a ovocinárstvo 
610 2 0 |a ovocie 
610 2 0 |a konkurencia 
610 2 0 |a konkurencieschopnosť 
610 2 0 |a združenia 
610 2 0 |a odbyt 
610 2 0 |a spotreba obyvateľstva 
610 2 0 |a Slovensko 
100 1 |a Pinter, Gejza